[Event "Pardubice Czech op-E 34th"]
[Site "Pardubice"]
[Date "2023.07.15"]
[Round "5"]
[White "Luberanski, Jakub"]
[Black "Havelka, Josef"]
[Result "1-0"]
[WhiteElo "2215"]
[BlackElo "2395"]
[PlyCount "97"]
[EventDate "2023.07.13"]
[EventType "team-swiss"]
[EventRounds "7"]
[EventCountry "CZE"]
[SourceTitle "CBM 215 Extra"]
[Source "ChessBase"]
[SourceDate "2023.09.30"]
[SourceVersion "1"]
[SourceVersionDate "2023.09.30"]
[SourceQuality "1"]
[WhiteTeam "Wroclaw & Friends"]
[BlackTeam "Praha Oaza"]
[WhiteTeamCountry "POL"]
[BlackTeamCountry "CZE"]

1. e4 c5 2. Nf3 Nc6 3. Bb5 e6 4. 0-0 Nge7 5. Re1 a6 6. Bf1 d5 7. d3 Ng6 8. exd5 Qxd5 9. h4 h5 10. Nc3 Qd8 11. Bg5 Be7 12. Bxe7 Ncxe7 13. g3 b6 14. Ng5 Bb7 15. Bg2 Qd7 16. Bxb7 Qxb7 17. Qe2 Qc6 18. Nce4 f6 19. Nf3 Nf5 20. c3 0-0 21. Nfd2 Ne5 22. Qxh5 Nxd3 23. Re2 Rad8 24. Nf3 Qe8 25. Qxe8 Rfxe8 26. Rd2 c4 27. Rad1 Rd5 28. b3 b5 29. Rb1 Red8 30. bxc4 bxc4 31. Rb6 Nd6 32. Nxd6 R8xd6 33. Rxd6 Rxd6 34. Ne1 e5 35. f3 f5 36. Nc2 f4 37. Na3 Rg6 38. g4 e4 39. Nxc4 Ne1 40. Rd8+ Kh7 41. fxe4 Rxg4+ 42. Kf2 Ng2 43. e5 Kg6 44. Rf8 Nxh4 45. e6 Rg2+ 46. Kf1 f3 47. e7 Re2 48. e8Q+ Rxe8 49. Rxe8 1-0

[Event "EU Universities Rapid"]
[Site "Lodz"]
[Date "2022.07.18"]
[Round "8.1"]
[White "Kowalski, Igor"]
[Black "Havelka, Josef"]
[Result "0-1"]
[WhiteElo "2371"]
[BlackElo "2396"]
[PlyCount "82"]
[EventDate "2022.07.16"]
[EventType "team-swiss (rapid)"]
[EventRounds "9"]
[EventCountry "POL"]
[SourceTitle "CBM 209 Extra"]
[Source "ChessBase"]
[SourceDate "2022.09.30"]
[SourceVersion "1"]
[SourceVersionDate "2022.09.30"]
[SourceQuality "1"]
[WhiteTeam "Kozminski Univ"]
[BlackTeam "Praha Technical Univ"]
[WhiteTeamCountry "POL"]
[BlackTeamCountry "CZE"]

1. d4 Nf6 2. c4 g6 3. Nc3 Bg7 4. e4 d6 5. h3 0-0 6. Nf3 e5 7. d5 Na6 8. Be3 Nc5 9. Nd2 a5 10. g4 c6 11. Be2 a4 12. g5 Ne8 13. h4 f5 14. Bxc5 dxc5 15. Nxa4 Qa5 16. Nc3 Nd6 17. dxc6 bxc6 18. Nb3 Qc7 19. Nxc5 Rd8 20. Qc2 Nxe4 21. N5xe4 fxe4 22. Nxe4 Bf5 23. Bd3 Kh8 24. f3 Qa5+ 25. Ke2 Rd4 26. a3 Rad8 27. Rad1 c5 28. Nf2 Bxd3+ 29. Rxd3 Rxd3 30. Nxd3 e4 31. fxe4 Qa8 32. Nxc5 Qc8 33. Rf1 Qxc5 34. b4 Qc8 35. Qb3 Qg4+ 36. Qf3 Qxh4 37. c5 Qxg5 38. Qf4 Qh5+ 39. Qf3 Qe5 40. Rd1 Qb2+ 41. Ke1 Rf8 0-1

[Event "EU Universities Rapid"]
[Site "Lodz"]
[Date "2022.07.16"]
[Round "2.9"]
[White "Lukas, Anne"]
[Black "Havelka, Josef"]
[Result "0-1"]
[WhiteElo "2038"]
[BlackElo "2396"]
[PlyCount "92"]
[EventDate "2022.07.16"]
[EventType "team-swiss (rapid)"]
[EventRounds "9"]
[EventCountry "POL"]
[SourceTitle "CBM 209 Extra"]
[Source "ChessBase"]
[SourceDate "2022.09.30"]
[SourceVersion "1"]
[SourceVersionDate "2022.09.30"]
[SourceQuality "1"]
[WhiteTeam "Rhein Main Applied Sciences"]
[BlackTeam "Praha Technical Univ"]
[WhiteTeamCountry "GER"]
[BlackTeamCountry "CZE"]

1. Nf3 Nf6 2. g3 g6 3. Bg2 Bg7 4. 0-0 0-0 5. d3 d6 6. Nbd2 e5 7. e4 Nc6 8. c3 Re8 9. a4 a5 10. Nc4 h6 11. Be3 Be6 12. Nfd2 Ng4 13. h3 Nxe3 14. fxe3 d5 15. exd5 Bxd5 16. d4 Bxg2 17. Kxg2 Qd7 18. Qf3 f5 19. Rf2 e4 20. Qe2 Ne7 21. Na3 Nd5 22. Nc2 Kh8 23. Nb3 b6 24. Nd2 Rf8 25. Nf1 Rae8 26. c4 Nf6 27. b3 Nh7 28. Nd2 Ng5 29. Rh1 Ne6 30. Nb1 c5 31. d5 Ng5 32. Nd2 Be5 33. h4 Nh7 34. Qf1 Qd6 35. Rh3 Nf6 36. Re2 Nh5 37. Qe1 Qd7 38. Nf1 Kh7 39. Qd2 f4 40. exf4 Bxf4 41. Nce3 Bd6 42. Rf2 Rxf2+ 43. Qxf2 Rf8 44. Qc2 Qe7 45. Qe2 Bxg3 46. Nxg3 Nf4+ 0-1

[Event "Ceske Budejovice op-A"]
[Site "Ceske Budejovice"]
[Date "2022.07.01"]
[Round "1"]
[White "Chval, Zdenek1111"]
[Black "Havelka, Josef"]
[Result "1-0"]
[WhiteElo "1958"]
[BlackElo "2396"]
[PlyCount "63"]
[EventDate "2022.07.01"]
[EventType "swiss"]
[EventRounds "9"]
[EventCountry "CZE"]
[SourceTitle "CBM 209 Extra"]
[Source "ChessBase"]
[SourceDate "2022.09.30"]
[SourceVersion "1"]
[SourceVersionDate "2022.09.30"]
[SourceQuality "1"]

1. e4 c5 2. Nf3 Nc6 3. d4 cxd4 4. Nxd4 Nf6 5. Nc3 d6 6. Bc4 e6 7. 0-0 Be7 8. Be3 0-0 9. Kh1 Bd7 10. f4 Nxd4 11. Bxd4 Bc6 12. Qe2 d5 13. exd5 exd5 14. Rad1 Re8 15. Qf2 dxc4 16. Bxf6 Bxf6 17. Rxd8 Raxd8 18. Re1 Rxe1+ 19. Qxe1 Bd4 20. h3 h5 21. Qe2 h4 22. Qxc4 Be3 23. Ne2 Rd2 24. b4 g6 25. b5 Bd5 26. Qc8+ Kh7 27. Qg4 Kg7 28. f5 Rxc2 29. fxg6 f5 30. Qh5 Rd2 31. Qh7+ Kf6 32. Qxh4+ 1-0

[Event "CZE-chT1W 2122"]
[Site "Czech Republic"]
[Date "2021.10.10"]
[Round "1.5"]
[White "Cernousek, Lukas"]
[Black "Havelka, Josef"]
[Result "0-1"]
[WhiteElo "2459"]
[BlackElo "2390"]
[PlyCount "50"]
[EventDate "2021.10.10"]
[EventType "team-tourn"]
[EventRounds "11"]
[EventCountry "CZE"]
[SourceTitle "EXT 2023"]
[Source "ChessBase"]
[SourceDate "2022.10.05"]
[SourceVersion "1"]
[SourceVersionDate "2022.10.05"]
[SourceQuality "1"]
[WhiteTeam "Unichess"]
[BlackTeam "Praha Oaza"]
[WhiteTeamCountry "CZE"]
[BlackTeamCountry "CZE"]

1. e4 c5 2. Nf3 Nc6 3. d4 cxd4 4. Nxd4 Nf6 5. Nc3 d6 6. Bc4 e6 7. Be3 a6 8. Qe2 Qc7 9. 0-0-0 Be7 10. Nxc6 bxc6 11. g4 d5 12. Bb3 0-0 13. g5 Nxe4 14. Nxe4 dxe4 15. h4 Qe5 16. Qg4 Qf5 17. Qg2 a5 18. Kb1 a4 19. Bc4 Ba6 20. Bxa6 Rxa6 21. Rd7 Bc5 22. Re1 a3 23. b3 Qe5 24. Bc1 Ra4 25. c4 Rxc4 0-1

[Event "Ceske Budejovice op"]
[Site "Ceske Budejovice"]
[Date "2021.07.06"]
[Round "6"]
[White "Havelka, Josef"]
[Black "Schnider, Gert"]
[Result "1-0"]
[WhiteElo "2387"]
[BlackElo "2416"]
[PlyCount "125"]
[EventDate "2021.07.01"]
[EventType "swiss"]
[EventRounds "9"]
[EventCountry "CZE"]
[SourceTitle "CBM 203 Extra"]
[Source "ChessBase"]
[SourceDate "2021.09.30"]
[SourceVersion "1"]
[SourceVersionDate "2021.09.30"]
[SourceQuality "1"]

1. e4 e6 2. d4 d5 3. Nc3 Nf6 4. e5 Nfd7 5. f4 c5 6. Nf3 Nc6 7. Be3 Be7 8. Qd2 0-0 9. dxc5 Qa5 10. Bd3 Nxc5 11. 0-0 Rd8 12. Nd4 Nxd3 13. cxd3 Bd7 14. Kh1 Rdc8 15. a3 Qd8 16. Rac1 a6 17. Qf2 Qf8 18. Nb3 Qe8 19. Bb6 Rab8 20. d4 Bd8 21. Bxd8 Qxd8 22. Nc5 b6 23. Nxa6 Ra8 24. Nb4 Nxb4 25. axb4 Rc4 26. f5 exf5 27. Nxd5 Rac8 28. Nc3 Rxb4 29. Rcd1 Qg5 30. d5 Re8 31. Rfe1 f4 32. Ne4 Qh5 33. Qxf4 Rxb2 34. Ng3 Qg6 35. Rc1 h5 36. Rc7 Qg4 37. Qxg4 Bxg4 38. h3 h4 39. Ne4 Re2 40. Rxe2 Bxe2 41. d6 Bb5 42. d7 Bxd7 43. Rxd7 Rxe5 44. Rd4 Rf5 45. Nd2 g5 46. Kg1 Kg7 47. Nc4 Rb5 48. Rd6 Rb1+ 49. Kf2 b5 50. Ne3 f6 51. Nd5 Rb2+ 52. Kf3 Rb3+ 53. Kg4 Rb2 54. Kh5 Rf2 55. Rd7+ Kf8 56. Ne3 Re2 57. Ng4 Re6 58. Kg6 Ke8 59. Rd2 Ke7 60. Rf2 b4 61. Nxf6 b3 62. Kxg5 b2 63. Rxb2 1-0

[Event "CZE-ch"]
[Site "Plzen"]
[Date "2020.08.29"]
[Round "7"]
[White "Havelka, Josef"]
[Black "Brejnik, Gustav"]
[Result "1/2-1/2"]
[WhiteElo "2367"]
[BlackElo "2265"]
[PlyCount "146"]
[EventDate "2020.08.23"]
[EventType "swiss"]
[EventRounds "9"]
[EventCountry "CZE"]
[SourceTitle "CBM 198 Extra"]
[Source "ChessBase"]
[SourceDate "2020.11.30"]
[SourceVersion "1"]
[SourceVersionDate "2020.11.30"]
[SourceQuality "1"]

1. e4 e5 2. Nf3 Nc6 3. Bb5 a6 4. Ba4 Nf6 5. 0-0 Be7 6. Re1 b5 7. Bb3 0-0 8. c3 d5 9. exd5 Nxd5 10. Nxe5 Nxe5 11. Rxe5 c6 12. Bxd5 cxd5 13. d3 Bd6 14. Re1 Qh4 15. g3 Qh3 16. Qf3 Bg4 17. Qg2 Qh5 18. f4 Rae8 19. Be3 Qf5 20. Nd2 Qxd3 21. Bd4 Be2 22. Nb3 Bf3 23. Qf2 Be4 24. Nc5 Qf3 25. Nxe4 dxe4 26. Qxf3 exf3 27. Kf2 Re2+ 28. Rxe2 fxe2 29. Kxe2 Re8+ 30. Kf3 f5 31. Rd1 Re6 32. Be3 Kf7 33. Rd5 g6 34. a4 bxa4 35. Ra5 Bc7 36. Rxa4 Ke7 37. Bd4 Kd7 38. Be5 Bxe5 39. fxe5 Rb6 40. b4 Ke6 41. Ke3 Kxe5 42. Ra5+ Ke6 43. Kd4 Rd6+ 44. Kc4 h6 45. Kb3 g5 46. c4 f4 47. gxf4 gxf4 48. c5 Rc6 49. Kc4 Ke5 50. Ra1 f3 51. b5 axb5+ 52. Kxb5 Rc8 53. c6 Kf4 54. Kb6 f2 55. Kb7 Re8 56. c7 Kf3 57. c8Q Rxc8 58. Kxc8 Kg2 59. h4 f1Q 60. Rxf1 Kxf1 61. Kd7 Kg2 62. Ke6 Kh3 63. Kf5 Kxh4 64. Kf4 Kh3 65. Kf3 h5 66. Kf2 Kh2 67. Kf1 h4 68. Kf2 Kh1 69. Kf1 Kh2 70. Kf2 h3 71. Kf1 Kg3 72. Kg1 h2+ 73. Kh1 Kh3 1/2-1/2

[Event "CZE-chT2D 1920"]
[Site "Czech Republic"]
[Date "2020.06.28"]
[Round "11.1"]
[White "Havelka, Josef"]
[Black "Sabol, Marian"]
[Result "1/2-1/2"]
[WhiteElo "2380"]
[BlackElo "2278"]
[PlyCount "49"]
[EventDate "2019.10.13"]
[EventType "team-tourn"]
[EventRounds "11"]
[EventCountry "CZE"]
[SourceTitle "EXT 2024"]
[Source "ChessBase"]
[SourceDate "2023.10.10"]
[SourceVersion "1"]
[SourceVersionDate "2023.10.10"]
[SourceQuality "1"]
[WhiteTeam "Lanskroun"]
[BlackTeam "Vysoke Myto"]
[WhiteTeamCountry "CZE"]
[BlackTeamCountry "CZE"]

1. e4 c5 2. Nf3 d6 3. d4 cxd4 4. Qxd4 Nc6 5. Bb5 Bd7 6. Qd3 g6 7. c4 Bg7 8. Nc3 Nf6 9. h3 a6 10. Bxc6 Bxc6 11. Be3 0-0 12. 0-0 b5 13. cxb5 Bxb5 14. Nxb5 axb5 15. Bd4 e5 16. Bc3 Qb8 17. a3 Rd8 18. Qc2 Qb7 19. Rfe1 Ra4 20. Bb4 Rc8 21. Qe2 d5 22. Nxe5 Nxe4 23. Nf3 Ra6 24. Rad1 Re6 25. Qd3 1/2-1/2

[Event "CZE-chT1W 1920"]
[Site "Czech Republic"]
[Date "2020.03.01"]
[Round "9.6"]
[White "Havelka, Josef"]
[Black "Vlasak, Lukas"]
[Result "1/2-1/2"]
[WhiteElo "2380"]
[BlackElo "2423"]
[PlyCount "50"]
[EventDate "2019.10.20"]
[EventType "team-tourn"]
[EventRounds "11"]
[EventCountry "CZE"]
[SourceTitle "CBM 195 Extra"]
[Source "ChessBase"]
[SourceDate "2020.05.31"]
[SourceVersion "1"]
[SourceVersionDate "2020.05.31"]
[SourceQuality "1"]
[WhiteTeam "Praha Oaza"]
[BlackTeam "Turnov Zikuda II"]
[WhiteTeamCountry "CZE"]
[BlackTeamCountry "CZE"]

1. e4 c5 2. Nf3 Nc6 3. d4 cxd4 4. Nxd4 Nf6 5. Nc3 e5 6. Ndb5 d6 7. Bg5 a6 8. Na3 b5 9. Nd5 Be7 10. Bxf6 Bxf6 11. c3 0-0 12. Be2 Rb8 13. 0-0 Bg5 14. Nc2 Kh8 15. a4 bxa4 16. Ncb4 Nxb4 17. Nxb4 Bb7 18. Qxa4 Qb6 19. Bxa6 Bxe4 20. Rfd1 Ba8 21. Bc4 e4 22. Qa6 f5 23. Qxb6 Rxb6 24. Bd5 Bxd5 25. Rxd5 g6 1/2-1/2

[Event "CZE-chT1W 1920"]
[Site "Czech Republic"]
[Date "2020.01.19"]
[Round "6.2"]
[White "Havelka, Josef"]
[Black "Sokolov, Alexander"]
[Result "1/2-1/2"]
[WhiteElo "2380"]
[BlackElo "2362"]
[PlyCount "137"]
[EventDate "2019.10.20"]
[EventType "team-tourn"]
[EventRounds "11"]
[EventCountry "CZE"]
[SourceTitle "CBM 194 Extra"]
[Source "ChessBase"]
[SourceDate "2020.03.31"]
[SourceVersion "1"]
[SourceVersionDate "2020.03.31"]
[SourceQuality "1"]
[WhiteTeam "Praha Oaza"]
[BlackTeam "Pankrac"]
[WhiteTeamCountry "CZE"]
[BlackTeamCountry "CZE"]

1. e4 c5 2. Nf3 d6 3. d4 cxd4 4. Qxd4 Bd7 5. c4 Nc6 6. Qe3 g6 7. Be2 Bg7 8. 0-0 Nf6 9. h3 0-0 10. Nc3 a6 11. Rb1 Rc8 12. b3 Be6 13. Bb2 Nd7 14. Nd5 Bxb2 15. Rxb2 Bxd5 16. exd5 Nce5 17. Nd4 Nf6 18. f4 Ned7 19. Kh2 Qb6 20. Rd2 Rfe8 21. Bf3 Nc5 22. Re1 a5 23. Rde2 a4 24. Qc3 axb3 25. axb3 Kf8 26. g4 Na6 27. g5 Ng8 28. Bg4 Ra8 29. f5 Qb4 30. Qf3 Nc5 31. fxg6 hxg6 32. Be6 f6 33. gxf6 Nxf6 34. Qf4 Nxe6 35. Nxe6+ Kf7 36. Nc7 Ra2 37. Nxe8 Qxe1 38. Rxa2 Kxe8 39. Rg2 Qb1 40. Qe3 Nd7 41. Qe6 Kd8 42. Qe3 Qf5 43. Rf2 Qh5 44. b4 Qh4 45. Rf4 Qh5 46. Qe4 Nf6 47. Qe6 Qg5 48. Rf2 Qh4 49. Re2 Qf4+ 50. Kg2 Qg5+ 51. Kf3 Nh5 52. Qg4 Qf6+ 53. Ke4 Qc3 54. Qf3 Qe5+ 55. Kd3 Nf4+ 56. Kd2 Qd4+ 57. Ke1 Nxe2 58. Qxe2 Qh4+ 59. Kd2 Qxh3 60. Qf2 Kc7 61. c5 Qb3 62. Qd4 Qb1 63. Qc4 Qb2+ 64. Kd3 Qf6 65. Kc2 g5 66. c6 Qf2+ 67. Kb3 Qe3+ 68. Kc2 Qf2+ 69. Kb3 1/2-1/2

[Event "CZE-chT2D 1920"]
[Site "Czech Republic"]
[Date "2020.01.12"]
[Round "6.1"]
[White "Zapletal, Jiri"]
[Black "Havelka, Josef"]
[Result "1/2-1/2"]
[WhiteElo "2018"]
[BlackElo "2380"]
[PlyCount "85"]
[EventDate "2019.10.13"]
[EventType "team-tourn"]
[EventRounds "11"]
[EventCountry "CZE"]
[SourceTitle "EXT 2024"]
[Source "ChessBase"]
[SourceDate "2023.10.10"]
[SourceVersion "1"]
[SourceVersionDate "2023.10.10"]
[SourceQuality "1"]
[WhiteTeam "Zabreh"]
[BlackTeam "Lanskroun"]
[WhiteTeamCountry "CZE"]
[BlackTeamCountry "CZE"]

1. c4 Nf6 2. Nc3 g6 3. e4 d6 4. d4 Bg7 5. f4 c5 6. d5 e6 7. Nf3 exd5 8. cxd5 0-0 9. Be2 Re8 10. Nd2 Na6 11. 0-0 Nc7 12. Re1 Rb8 13. a4 b6 14. Bf3 h5 15. h3 Ba6 16. Nf1 Bxf1 17. Kxf1 a6 18. g4 hxg4 19. hxg4 b5 20. g5 Nd7 21. Kg2 Nb6 22. axb5 axb5 23. Rh1 Nc4 24. Qg1 b4 25. Nd1 f6 26. Qh2 fxg5 27. Qh7+ Kf7 28. f5 gxf5 29. Bh5+ Kf8 30. Qxf5+ Qf6 31. Rf1 Qxf5 32. Rxf5+ Kg8 33. Bf7+ Kh8 34. Bxe8 Rxe8 35. Ra7 Nb5 36. Rb7 Nd4 37. Rxg5 Bf6 38. Rh5+ Kg8 39. Rh6 Be5 40. Rg6+ Kh8 41. Rh6+ Kg8 42. Rg6+ Kh8 43. Rh6+ 1/2-1/2

[Event "CZE-chT1W 1920"]
[Site "Czech Republic"]
[Date "2019.11.10"]
[Round "2.4"]
[White "Havelka, Josef"]
[Black "Konopka, Michal"]
[Result "1/2-1/2"]
[WhiteElo "2380"]
[BlackElo "2345"]
[PlyCount "26"]
[EventDate "2019.10.20"]
[EventType "team-tourn"]
[EventRounds "11"]
[EventCountry "CZE"]
[SourceTitle "CBM 193 Extra"]
[Source "ChessBase"]
[SourceDate "2020.01.31"]
[SourceVersion "1"]
[SourceVersionDate "2020.01.31"]
[SourceQuality "1"]
[WhiteTeam "Praha Oaza"]
[BlackTeam "Vysehrad"]
[WhiteTeamCountry "CZE"]
[BlackTeamCountry "CZE"]

1. e4 d5 2. exd5 Qxd5 3. Nf3 Nf6 4. Nc3 Qa5 5. Bc4 Bf5 6. 0-0 e6 7. d3 c6 8. h3 Be7 9. Re1 Nbd7 10. a3 Bg6 11. Bf4 0-0 12. Qd2 Qd8 13. Ba2 Nd5 1/2-1/2

[Event "Klatovy op 27th"]
[Site "Klatovy"]
[Date "2019.07.07"]
[Round "9"]
[White "Dolezal, Radoslav"]
[Black "Havelka, Josef"]
[Result "1/2-1/2"]
[WhiteElo "2374"]
[BlackElo "2342"]
[PlyCount "23"]
[EventDate "2019.06.29"]
[EventType "swiss"]
[EventRounds "9"]
[EventCountry "CZE"]
[SourceTitle "EXT 2020"]
[Source "ChessBase"]
[SourceDate "2019.10.17"]
[SourceVersion "1"]
[SourceVersionDate "2019.10.17"]
[SourceQuality "1"]

1. d4 d5 2. Nf3 Nf6 3. c4 c6 4. Qb3 dxc4 5. Qxc4 Bf5 6. Nbd2 Nbd7 7. g3 e6 8. Bg2 Be7 9. 0-0 0-0 10. Qb3 Nb6 11. Re1 Ne4 12. Nxe4 1/2-1/2

[Event "Klatovy op 27th"]
[Site "Klatovy"]
[Date "2019.07.01"]
[Round "3"]
[White "Simet, Martin"]
[Black "Havelka, Josef"]
[Result "0-1"]
[WhiteElo "2244"]
[BlackElo "2342"]
[PlyCount "70"]
[EventDate "2019.06.29"]
[EventType "swiss"]
[EventRounds "9"]
[EventCountry "CZE"]
[SourceTitle "EXT 2020"]
[Source "ChessBase"]
[SourceDate "2019.10.17"]
[SourceVersion "1"]
[SourceVersionDate "2019.10.17"]
[SourceQuality "1"]

1. d4 Nf6 2. Bf4 g6 3. e3 Bg7 4. Nf3 d6 5. h3 0-0 6. Nbd2 b6 7. Be2 Bb7 8. 0-0 Nbd7 9. c3 Qe8 10. Bh2 e5 11. Qb3 Qe7 12. Rac1 Kh8 13. Qa3 Ne4 14. Rfd1 Nxd2 15. Nxd2 a6 16. Bf3 e4 17. Be2 f5 18. c4 a5 19. Nb3 a4 20. Na1 g5 21. Nc2 f4 22. Bf1 Qf6 23. Rd2 Qf5 24. d5 Nc5 25. Nd4 Qg6 26. Be2 h5 27. Qc3 Bc8 28. Qc2 fxe3 29. fxe3 g4 30. hxg4 hxg4 31. Bg3 Bd7 32. Qd1 Bh6 33. Nc2 Rf7 34. Qe1 Raf8 35. Rdd1 Nd3 0-1

[Event "CZE-chT1W 1819"]
[Site "Czech Republic"]
[Date "2019.04.07"]
[Round "11.3"]
[White "Havelka, Josef"]
[Black "Hausner, Ivan"]
[Result "1/2-1/2"]
[WhiteElo "2347"]
[BlackElo "2331"]
[PlyCount "30"]
[EventDate "2018.10.21"]
[EventType "team-tourn"]
[EventRounds "11"]
[EventCountry "CZE"]
[SourceTitle "CBM 189 Extra"]
[Source "ChessBase"]
[SourceDate "2019.06.03"]
[SourceVersion "1"]
[SourceVersionDate "2019.06.03"]
[SourceQuality "1"]
[WhiteTeam "Praha Oaza"]
[BlackTeam "Ceske Budejovice"]
[WhiteTeamCountry "CZE"]
[BlackTeamCountry "CZE"]

1. e4 c5 2. Nf3 d6 3. d4 cxd4 4. Nxd4 Nf6 5. Nc3 Nc6 6. Bg5 e6 7. Qd2 a6 8. 0-0-0 Bd7 9. f4 Be7 10. Nf3 b5 11. Bxf6 gxf6 12. Kb1 Qb6 13. f5 0-0-0 14. fxe6 fxe6 15. g3 Qc5 1/2-1/2

[Event "CZE-chT1W 1819"]
[Site "Czech Republic"]
[Date "2019.03.24"]
[Round "10.3"]
[White "Priehoda, Vitezslav"]
[Black "Havelka, Josef"]
[Result "1/2-1/2"]
[WhiteElo "2354"]
[BlackElo "2347"]
[PlyCount "95"]
[EventDate "2018.10.21"]
[EventType "team-tourn"]
[EventRounds "11"]
[EventCountry "CZE"]
[SourceTitle "CBM 189 Extra"]
[Source "ChessBase"]
[SourceDate "2019.06.03"]
[SourceVersion "1"]
[SourceVersionDate "2019.06.03"]
[SourceQuality "1"]
[WhiteTeam "Lysa nad Labem III"]
[BlackTeam "Praha Oaza"]
[WhiteTeamCountry "CZE"]
[BlackTeamCountry "CZE"]

1. d4 Nf6 2. c4 g6 3. Nf3 Bg7 4. g3 0-0 5. Bg2 d6 6. 0-0 Nc6 7. Nc3 Bf5 8. d5 Na5 9. Nd4 Bd7 10. b3 c5 11. dxc6 Nxc6 12. Bb2 Qa5 13. e3 Rac8 14. Rc1 a6 15. Qe2 Rfe8 16. Rfd1 Bg4 17. f3 Nxd4 18. Rxd4 Bd7 19. Kh1 b5 20. cxb5 axb5 21. b4 Qb6 22. a3 Bc6 23. Rdd1 d5 24. f4 Rcd8 25. Nb1 Ne4 26. Bxg7 Kxg7 27. Nd2 Bb7 28. Nb3 e5 29. Bxe4 dxe4 30. fxe5 Rxe5 31. Nc5 Red5 32. Rxd5 Rxd5 33. Rd1 Rd3 34. Kg1 Rxd1+ 35. Qxd1 Qc6 36. Qd4+ Kh6 37. h4 Qd5 38. Nxb7 Qxb7 39. Qc5 Qb8 40. Kg2 Qd8 41. Kh3 Qe8 42. g4 Kg7 43. Qd5 h6 44. Kg2 Kh7 45. Kf2 Qe7 46. Ke2 Qf6 47. Qxe4 Qxh4 48. Qf4 1/2-1/2